000 00947nam0a22002531 4500
001 rc\4460740
005 20260407121202.0
021 _aRU
_bРг2035-62
035 _a(NLR Aleph) 008324561
090 _a8778093
_c8778093
100 _a20130416d1962 |||y0rusy50 ca
101 0 _arus
_aeng
_afre
_ager
102 _aRU
105 _ay z |||||
200 1 _aИнструкция по уходу и эксплуатации аккумуляторных батарей
_fСССР. Совет нар. хозяйства БССР. Гос. Минский автомоб. завод
210 _a[Минск
_cБ. и.
_d1962]
215 _a8 с.
_d27
300 _aТекст парал. на рус., англ., фр. и нем. яз.
712 0 2 _aМинский автомобильный завод
_3RU\NLR\AUTH\8810069769
_9641141
801 0 _aRU
_bNLR
_gpsbo
801 1 _aRU
_bELAR
_2rusmarc
852 _aNLR
_j62-7/553
942 _cBOOK
980 _aNB